Rulers of Finland - Statistics

General Stats
  • This quiz has been taken 13 times
  • The average score is 20 of 66
Answer Stats
Years Title Answer % Correct
2024- President Alexander Stubb
73%
2012-2024 President Sauli Niinistö
73%
2000-2012 President Tarja Halonen
73%
1956-1982 President Urho Kekkonen
73%
1944-1946 President Carl Gustaf Emil Mannerheim
64%
1946-1956 President Juho Kusti Paasikivi
64%
1919-1925 President Kaarlo Juho Ståhlberg
64%
1982-1994 President Mauno Koivisto
64%
1940-1944 President Risto Ryti
64%
1937-1940 President Kyösti Kallio
55%
1925-1931 President Lauri Kristian Relander
55%
1931-1937 President Pehr Evind Svinhufvud
55%
1521-1560 King Gustav I Vasa
45%
1994-2000 President Martti Ahtisaari
45%
1825-1855 Emperor and Grand Duke Nicholas I
45%
1894-1917 Emperor and Grand Duke Nicholas II
45%
1809-1825 Emperor and Grand Duke Alexander I
36%
1855-1881 Emperor and Grand Duke Alexander II
36%
1881-1894 Emperor and Grand Duke Alexander III
36%
1439-1440 Regent Charles Knutsson Bonde (Charles VIII)
36%
1448-1457 King Charles VIII
36%
1464-1465 King Charles VIII
36%
1412-1439 King Eric XIII
36%
1389-1412 Queen Margaret I
36%
1470-1497 Regent Sten Sture the Elder
36%
1290-1318 King Birger
27%
1654-1660 King Charles X Gustav
27%
1660-1697 King Charles XI
27%
1697-1718 King Charles XII
27%
1457-1464 King Christian I
27%
1632-1654 Queen Christina
27%
1441-1448 King Christopher
27%
1560-1569 King Eric XIV
27%
1611-1632 King Gustav II Adolf
27%
1771-1792 King Gustav III
27%
1792-1809 King Gustav IV Adolf
27%
1569-1592 King John III
27%
1319-1364 King Magnus Eriksson
27%
1275-1290 King Magnus Ladulås
27%
1751-1771 King Adolf Frederick
18%
1448 Regent Bengt Jönsson Oxestierna
18%
1918-1919 Regent Carl Gustaf Emil Mannerheim
18%
1599-1611 King Charles IX
18%
1467-1470 King Charles VIII
18%
1520-1521 King Christian II
18%
1457 Regent Erik Axelsson Tott
18%
1918 King-elect (did not reign) Frederick Charles
18%
1720-1751 King Frederick I
18%
1497-1501 King John II
18%
1457 Regent Jöns Bengtsson Oxestierna
18%
1448 Regent Nils Jönsson Oxestierna
18%
1917-1918 Chairman of the Senate Pehr Evind Svinhufvud
18%
1592-1599 King Sigismund
18%
1501-1503 Regent Sten Sture the Elder
18%
1512-1520 Regent Sten Sture the Younger
18%
1718-1720 Queen Ulrika Eleonora
18%
1250-1275 King Valdemar
18%
1364-1389 King Albert
9%
1917 Prime Minister Alexander Kerensky
9%
1512 Regent Eric Trolle
9%
1917 Prime Minister Georgy Lvov
9%
1465 Regent Kettil Karlsson Vasa
9%
1918 Regent Pehr Evind Svinhufvud
9%
1466-1467 Regent Erik Axelsson Tott
0%
1465-1466 Regent Jöns Bengtsson Oxestierna
0%
1504-1512 Regent Svante Nilsson
0%
No matching quizzes found
Score Distribution
Percent of People with Each Score
Percentile by Number Answered
Your Score History
You have not taken this quiz